=LDR 00000nam 2200000 4500 =001 INLIS000000000033287 =005 20130612135242 =008 ***********************************ind** =035 ##$$0010-061300000033287 =041 ##$$a ind =082 ##$$a 658.31 =090 ##$$a 658.31, Has m =100 ##$$a Hasibuan, H. Malayu, Sp =245 ##$$a Manajemen sumber daya manusia, H. Malayu hasibuan Sp =260 ##$$a 2009 $b Jakarta =300 ##$$a xi,275 hlm, 22 cm =650 ##$$a Manajemen Sdm =850 ##$$a NBPNMAT